000 00424nam a2200205Ia 4500
003 IT-RoPAU
008 120407s9999 xx 000 0 und d
040 _aIT-RoPAU
040 _cIT-RoPAU
041 _aita
100 _aVirginia Finzi Ghisi
245 _aLa religiosa e il capitano.
260 _aDedalo
260 _c1973
300 _a157 p.
300 _c21 cm
490 _v1
942 _cBK
999 _c26385
_d26385